000 00816nas a2200265 4500
001 BR9902097
003 BR-BrBNA
005 20231205101402.0
007 ta
008 230509b bl.|||p| |||| 00| 00por d
040 _aBR-BrBNA
_bpor
_cBiblioteca Nacional de Agricultura
041 _a(Pt)
072 _aF03; F02
100 1 _aSekiya, R.F.M.
100 1 _aCunha, R.J.P.
245 1 _aInfluencia do metodo de extracao e do armazenamento na germinacao de sementes da caramboleira
650 _aCarambola
650 _aSemente
650 _aGerminacao
650 _aArmazenamento
650 _aPropagacao Vegetativa
773 0 _tRevista Brasileira de Fruticultura (Brazil)
_xISSN 0100-2945
_g(Apr 1999), v. 21(1) p. 57-59
_wBR9902097
909 _a202311
_bLúcia
_c55
_dLúcia Elande
942 _2AGRIS
_n0
_cANA
999 _c161510
_d161510